[Event "2BLO 1920 Münchener Schachclub 1836 - "]
[Site "?"]
[Date "2020.02.09"]
[Round "8.4"]
[White "Smirnov, Anton"]
[Black "Stojanovic, Dalibor"]
[Result "1-0"]
[WhiteElo "2592"]
[BlackElo "2502"]
[PlyCount "63"]
[EventDate "2020.??.??"]

1. e4 e5 2. Nf3 Nc6 3. d4 exd4 4. Nxd4 Bb4+ 5. c3 Bc5 6. Be3 Bb6 7. Nf5 Bxe3 8.
Nxe3 Nf6 9. f3 O-O 10. c4 d6 11. Nc3 Nd7 12. g3 Nc5 13. Bg2 a5 14. O-O Ne7 15.
f4 f5 16. Qd2 Bd7 17. Rae1 fxe4 18. Nxe4 Nxe4 19. Bxe4 Bc6 20. Qd3 Bxe4 21.
Qxe4 c6 22. f5 Qd7 23. f6 Ng6 24. Ng4 d5 25. cxd5 Qxd5 26. Qxd5+ cxd5 27. Rf5
Rad8 28. h4 Rf7 29. h5 Nf8 30. Rg5 Kh8 31. Re7 gxf6 32. Nh6 1-0

[Event "2BLO 1920 Münchener Schachclub 1836 - "]
[Site "?"]
[Date "2020.02.09"]
[Round "8.5"]
[White "Popovic, Dusan"]
[Black "Martinovic, Sasa"]
[Result "1-0"]
[WhiteElo "2492"]
[BlackElo "2524"]
[PlyCount "81"]
[EventDate "2020.??.??"]

1. g3 d5 2. Bg2 e5 3. d3 Nc6 4. a3 a5 5. Nf3 g6 6. O-O Bg7 7. e4 dxe4 8. dxe4
Qxd1 9. Rxd1 Bg4 10. Be3 Nd4 11. Bxd4 exd4 12. Nbd2 Ne7 13. h3 Be6 14. e5 Nc6
15. Ne4 O-O-O 16. Nfg5 Bxe5 17. Nxe6 fxe6 18. Ng5 Rd7 19. Nxe6 Re7 20. Nc5 Bg7
21. Bxc6 bxc6 22. Re1 Re5 23. Rxe5 Bxe5 24. Re1 Bd6 25. Nb3 d3 26. Nxa5 dxc2
27. Rc1 Kd7 28. Rxc2 c5 29. Kf1 g5 30. Nb7 c4 31. Nxd6 cxd6 32. Rxc4 d5 33. Rg4
h6 34. Ke2 Kd6 35. h4 Rb8 36. Rb4 Re8+ 37. Kd2 Rf8 38. Ke3 Kc5 39. hxg5 hxg5
40. Rg4 Rf5 41. a4 1-0

[Event "2BLO 1920 Münchener Schachclub 1836 - "]
[Site "?"]
[Date "2020.02.09"]
[Round "8.6"]
[White "Tadic, Branko"]
[Black "Cabarkapa, Novak"]
[Result "1/2-1/2"]
[WhiteElo "2505"]
[BlackElo "2465"]
[PlyCount "23"]
[EventDate "2020.??.??"]

1. Nf3 Nf6 2. g3 g6 3. Bg2 Bg7 4. c4 O-O 5. O-O d6 6. d4 Nc6 7. Nc3 e5 8. dxe5
Nxe5 9. Nxe5 dxe5 10. Bg5 Qxd1 11. Rfxd1 c6 12. Rac1 {(=)} 1/2-1/2

[Event "2BLO 1920 Münchener Schachclub 1836 - "]
[Site "?"]
[Date "2020.02.09"]
[Round "8.7"]
[White "Krstic, Petar"]
[Black "Schnider, Gert"]
[Result "0-1"]
[WhiteElo "2326"]
[BlackElo "2429"]
[PlyCount "238"]
[EventDate "2020.??.??"]

1. e4 e6 2. d4 d5 3. Nc3 Nf6 4. e5 Nfd7 5. f4 c5 6. Nf3 Nc6 7. Be3 Be7 8. Qd2
O-O 9. Be2 b6 10. Nd1 f5 11. c3 a5 12. Rc1 Ba6 13. Bxa6 Rxa6 14. O-O c4 15. b3
Ba3 16. Rb1 b5 17. bxc4 bxc4 18. Bf2 Rb6 19. Ne3 Qc7 20. Ng5 Nd8 21. Qc2 Qc6
22. g4 g6 23. h4 Be7 24. Nh3 Nf7 25. gxf5 gxf5 26. Kh1 Kh8 27. Qe2 Rg8 28. Ng5
Nxg5 29. hxg5 Rgb8 30. Rxb6 Nxb6 31. Rb1 Qe8 32. Qc2 h6 33. gxh6 Qg6 34. Bg1
Qxh6+ 35. Bh2 Qh3 36. Qe2 Nd7 37. Rxb8+ Nxb8 38. Kg1 Nd7 39. Nd1 Kg7 40. Qg2+
Qxg2+ 41. Kxg2 Kg6 42. Kf3 Ba3 43. Bg3 Kh5 44. Bf2 Nf8 45. Kg3 Ng6 46. Be3 Nf8
47. Bd2 Nd7 48. Kf3 Nb6 49. Kg3 Na4 50. Kh3 Be7 51. Kg3 Kg6 52. Kh3 Kf7 53. Kg3
Ke8 54. Kf3 Bh4 55. Ke2 Kd7 56. Be1 Be7 57. Kd2 Kc6 58. Kc2 Kb5 59. Ne3 Ba3 60.
Nd1 Nb6 61. Nf2 Nd7 62. Nh3 Be7 63. Ng1 Nf8 64. Nf3 Ng6 65. Bg3 Kc6 66. Kd2 Kd7
67. Ke3 Ke8 68. Ng1 Kf7 69. Ne2 Kg7 70. Be1 Kh6 71. Kf3 Ba3 72. Bf2 Nf8 73. Bh4
Kg6 74. Bd8 a4 75. Ke3 Kf7 76. Ba5 Be7 77. Kf3 Bh4 78. Ng3 Kg6 79. Bb4 Nd7 80.
Ba3 Nb8 81. Bd6 Nc6 82. Bc5 Bd8 83. Ba3 Ba5 84. Ne2 Na7 85. Bc1 Nb5 86. Bd2 Bd8
87. Be1 Be7 88. Bf2 Ba3 89. Be1 Bb2 90. Kg3 Na3 91. Kf3 Nc2 92. Bd2 Na1 93. Be3
Nb3 94. Kg3 Ba3 95. Kh3 Bb2 96. Kg3 Na5 97. Kh3 Nc6 98. Kg3 Nb8 99. Kh3 Nd7
100. Kg3 Ba3 101. Kh3 Nb6 102. Bd2 Bb2 103. Kg3 Ba3 104. Kh3 Be7 105. Bc1 a3
106. Bd2 Na4 107. Ng3 Nb2 108. Bc1 Nd3 109. Be3 Bd8 110. Ne2 Ba5 111. Kg3 Bb6
112. Kh3 Bd8 113. Ng3 Nb2 114. Bf2 Ba5 115. Ne2 Bd8 116. Bg3 Nd3 117. Kg2 Kh5
118. Kh3 Be7 119. Ng1 Nc1 0-1

[Event "2BLO 1920 Münchener Schachclub 1836 - "]
[Site "?"]
[Date "2020.02.09"]
[Round "8.8"]
[White "Berchtenbreiter, Maximilian"]
[Black "Bielmeier, Ludwig"]
[Result "1-0"]
[WhiteElo "2486"]
[BlackElo "2026"]
[PlyCount "71"]
[EventDate "2020.??.??"]

1. e4 c6 2. c4 d6 3. d4 e5 4. Nf3 Nd7 5. Nc3 Ngf6 6. h3 Be7 7. Be3 O-O 8. Be2
Qc7 9. d5 cxd5 10. cxd5 a6 11. O-O b5 12. Qb1 Nb6 13. Rc1 Qb7 14. a4 bxa4 15.
b3 a3 16. Rxa3 Bd8 17. Qa2 Nbd7 18. Nd2 Bb6 19. Bxb6 Nxb6 20. Ra1 Qe7 21. b4
Rb8 22. Nb3 g6 23. Na5 Bd7 24. Bxa6 Nh5 25. Nc6 Qg5 26. h4 Qxh4 27. Nxb8 Rxb8
28. Qd2 Nf4 29. Ne2 Re8 30. Nxf4 exf4 31. Qd4 Nc8 32. Bxc8 Bxc8 33. f3 f6 34.
Ra8 Kg7 35. Rc1 Kh6 36. Qf2 1-0

[Event "2BLO 1920 SC Garching - SK Passau"]
[Site "?"]
[Date "2020.02.09"]
[Round "8.1"]
[White "Diermair, Andreas"]
[Black "Stocek, Jiri"]
[Result "1/2-1/2"]
[WhiteElo "2483"]
[BlackElo "2588"]
[PlyCount "142"]
[EventDate "2020.??.??"]

1. d4 Nf6 2. c4 e6 3. Nf3 Bb4+ 4. Nbd2 a5 5. a3 Be7 6. e4 d5 7. e5 Nfd7 8. Bd3
c5 9. O-O Nc6 10. Re1 O-O 11. Qc2 h6 12. Nb3 b6 13. cxd5 exd5 14. Bb5 Na7 15.
Be2 Bb7 16. Qf5 c4 17. Nbd2 Rc8 18. Bd1 Re8 19. Nf1 Rc6 20. Qh5 Bf8 21. Bg5 Qc7
22. Bf4 Rce6 23. Bc2 Nf6 24. Qf5 Ne4 25. Ne3 c3 26. bxc3 g6 27. Qh3 g5 28. Bg3
Qxc3 29. Qf5 Nc8 30. Bxe4 dxe4 31. d5 exf3 32. dxe6 Rxe6 33. Rac1 Qxa3 34. Rc7
Ne7 35. Qc2 Bc6 36. Rc1 Qb4 37. h3 h5 38. Rb1 Qd4 39. Nf5 Qe4 40. Nxe7+ Bxe7
41. Qc1 h4 42. Rxe7 Rxe7 43. Rxb6 hxg3 44. Qxg5+ Kh7 45. Qh5+ Kg7 46. Qg5+ Qg6
47. Qxg6+ fxg6 48. Rxc6 gxf2+ 49. Kxf2 fxg2 50. Kxg2 Rxe5 51. Ra6 Kh6 52. Kf3
Kg5 53. Ra8 Rb5 54. Ra6 Rb3+ 55. Kg2 Ra3 56. Kf2 a4 57. Kg2 Kf5 58. h4 Ra1 59.
Kh2 a3 60. Kg2 Ra2+ 61. Kg3 Ra1 62. Kh2 Kg4 63. Ra4+ Kh5 64. Kh3 Kh6 65. Ra7 g5
66. Ra6+ Kh5 67. Ra5 a2 68. Kg2 Kxh4 69. Ra4+ g4 70. Ra5 g3 71. Ra4+ Kg5
1/2-1/2

[Event "2BLO 1920 SC Garching - SK Passau"]
[Site "?"]
[Date "2020.02.09"]
[Round "8.2"]
[White "Hess, Max"]
[Black "Schmidt, Peter"]
[Result "0-1"]
[WhiteElo "2394"]
[BlackElo "2397"]
[PlyCount "74"]
[EventDate "2020.??.??"]

1. e4 g6 2. d4 Bg7 3. Nc3 d6 4. Be3 a6 5. Qd2 b5 6. h4 Nf6 7. f3 h5 8. O-O-O
Nbd7 9. Nh3 Bb7 10. Kb1 e5 11. d5 Nb6 12. b3 Rc8 13. Nf2 O-O 14. g4 c6 15. dxc6
Rxc6 16. Bg5 Qc7 17. Bxf6 Bxf6 18. Nd5 Nxd5 19. exd5 Rc3 20. Ne4 Rxf3 21. gxh5
Bh8 22. Rg1 Rf4 23. Qg2 Rxh4 24. hxg6 f5 25. Ng5 Bf6 26. Nh7 e4 27. Nxf6+ Rxf6
28. Qg5 Rh2 29. Rg2 Rxg2 30. Bxg2 Qg7 31. Bh3 Bc8 32. Rg1 Bd7 33. a3 a5 34. b4
axb4 35. axb4 Rf8 36. Qc1 Qd4 37. Qb2 Qxg1+ 0-1

[Event "2BLO 1920 SC Garching - SK Passau"]
[Site "?"]
[Date "2020.02.09"]
[Round "8.3"]
[White "Leisch, Lukas"]
[Black "Renner, Christoph"]
[Result "1-0"]
[WhiteElo "2352"]
[BlackElo "2310"]
[PlyCount "67"]
[EventDate "2020.??.??"]

1. c4 f5 2. d4 Nf6 3. Nc3 e6 4. Qc2 Nc6 5. Nf3 Be7 6. a3 d6 7. b4 O-O 8. Bb2 e5
9. dxe5 Nxe5 10. Nxe5 dxe5 11. e4 a5 12. Rd1 Qe8 13. c5 axb4 14. axb4 Qg6 15.
Nd5 Nxd5 16. exd5 e4 17. Bc4 Kh8 18. O-O f4 19. f3 Bf5 20. fxe4 Bxe4 21. Bd3
Bxd3 22. Qxd3 Qxd3 23. Rxd3 Ra4 24. Bc3 Kg8 25. Re1 Bh4 26. Re4 Ra3 27. Rf3 g5
28. Re7 Rd8 29. g3 Rxd5 30. gxh4 Rd1+ 31. Kg2 Ra2+ 32. Kh3 Rh1 33. hxg5 Raxh2+
34. Kg4 1-0

[Event "2BLO 1920 SC Garching - SK Passau"]
[Site "?"]
[Date "2020.02.09"]
[Round "8.4"]
[White "Koepke, Christian"]
[Black "Weiss, Christian"]
[Result "1/2-1/2"]
[WhiteElo "2345"]
[BlackElo "2369"]
[PlyCount "75"]
[EventDate "2020.??.??"]

1. e4 e6 2. d4 d5 3. Nc3 Bb4 4. exd5 exd5 5. Bd3 c6 6. Qf3 Qf6 7. Bf4 Bd6 8.
Qe3+ Ne7 9. Be5 Bxe5 10. dxe5 Qh4 11. Nf3 Qb4 12. O-O O-O 13. a3 Qb6 14. Qg5
Ng6 15. Rfe1 h6 16. Qg3 Ne7 17. Ne2 c5 18. c4 dxc4 19. Bxc4 Nf5 20. Qf4 Nc6 21.
Rab1 Nfe7 22. Nc3 Be6 23. Bd3 Rad8 24. Qe3 Nd4 25. b4 Nxf3+ 26. Qxf3 c4 27. Be4
Rd7 28. Na4 Qc7 29. Nc5 Rd4 30. Nxe6 fxe6 31. Bh7+ Kxh7 32. Qxf8 Nf5 33. Qc5
Qd7 34. b5 Nh4 35. Rbc1 Rg4 36. Rxc4 Nf3+ 37. Kh1 Rxc4 38. Qxc4 1/2-1/2

[Event "2BLO 1920 SC Garching - SK Passau"]
[Site "?"]
[Date "2020.02.09"]
[Round "8.5"]
[White "Testor, Sebastian"]
[Black "Koepke, Elena"]
[Result "1/2-1/2"]
[WhiteElo "2334"]
[BlackElo "2280"]
[PlyCount "150"]
[EventDate "2020.??.??"]

1. Nf3 Nf6 2. c4 e6 3. Nc3 Bb4 4. Qc2 c5 5. g3 Nc6 6. a3 Ba5 7. Bg2 O-O 8. O-O
d6 9. Rd1 e5 10. e3 Bg4 11. h3 Bh5 12. d3 Nd7 13. g4 Bg6 14. Ne4 Qe7 15. Ng3 f5
16. gxf5 Bxf5 17. Bd2 Bxd2 18. Nxd2 Qh4 19. Nxf5 Rxf5 20. Ne4 Raf8 21. Rf1 Qh6
22. Qe2 Ne7 23. Kh2 Qe6 24. b4 b6 25. Ra2 Kh8 26. Rd2 Qh6 27. Qd1 R5f7 28. Kg1
Nf5 29. Qg4 Nh4 30. Qg5 Qxg5 31. Nxg5 Rf6 32. Ne4 Rg6 33. Ng3 Nf6 34. Kh2 Nxg2
35. Kxg2 Nh5 36. Rdd1 Rg5 37. h4 Rg6 38. Kh2 Nf6 39. Kg2 Ng4 40. Rde1 Kg8 41.
f3 Nh6 42. Kf2 Nf5 43. Nxf5 Rxf5 44. Rg1 Rgf6 45. Rg3 Kf7 46. Reg1 g6 47. Ke2
Ke6 48. Rh3 Rf7 49. bxc5 bxc5 50. Rb1 Rc7 51. a4 Rff7 52. h5 gxh5 53. Rxh5 Rg7
54. e4 Rcf7 55. Rh6+ Rf6 56. Rbh1 Rxh6 57. Rxh6+ Kd7 58. Kd2 Rf7 59. Kc3 Kc7
60. Kc2 Rd7 61. a5 Kc6 62. Kb3 Rb7+ 63. Kc3 Rf7 64. Kc2 Kc7 65. Kc3 Kc6 66. Kc2
Rd7 67. Kc3 Kc7 68. Kc2 Kb7 69. Kb3 Kc7 70. Kc2 Kd8 71. Kb3 Kc7 72. Kc2 Rg7 73.
Kc3 Kc6 74. Kb3 Rf7 75. Kc3 Rd7 1/2-1/2

[Event "2BLO 1920 SC Garching - SK Passau"]
[Site "?"]
[Date "2020.02.09"]
[Round "8.6"]
[White "Dehlinger, Alexander"]
[Black "Pflug, Matthias"]
[Result "1/2-1/2"]
[WhiteElo "2300"]
[BlackElo "2274"]
[PlyCount "40"]
[EventDate "2020.??.??"]

1. Nf3 g6 2. d4 Nf6 3. c4 Bg7 4. g3 O-O 5. Bg2 d6 6. Nc3 Nc6 7. O-O a6 8. b3
Rb8 9. Nd5 b5 10. Nxf6+ Bxf6 11. Bh6 Re8 12. Rc1 e5 13. dxe5 Nxe5 14. Qd2 b4
15. Rfd1 Nxf3+ 16. Bxf3 Bc3 17. Qf4 Be5 18. Qd2 Bc3 19. Qf4 Be5 20. Qg5 Bf6
1/2-1/2

[Event "2BLO 1920 SC Garching - SK Passau"]
[Site "?"]
[Date "2020.02.09"]
[Round "8.7"]
[White "Hellmayr, Alois"]
[Black "Schimpf, Markus"]
[Result "1/2-1/2"]
[WhiteElo "2209"]
[BlackElo "2214"]
[PlyCount "61"]
[EventDate "2020.??.??"]

1. Nf3 d5 2. g3 c6 3. Bg2 Bg4 4. O-O e6 5. d3 Nd7 6. h3 Bh5 7. e4 Bd6 8. Qe1
Ne7 9. Nbd2 O-O 10. Nh4 Ng6 11. Nxg6 Bxg6 12. f4 f6 13. Nf3 Qb6+ 14. Kh1 Rae8
15. Qe2 Bf7 16. e5 fxe5 17. fxe5 Be7 18. c3 Qa6 19. Be3 Bg6 20. c4 Nc5 21. Bxc5
Bxc5 22. a3 dxc4 23. dxc4 Rd8 24. Rad1 Qa4 25. Ng5 Rxf1+ 26. Rxf1 Bd3 27. Qh5
Bg6 28. Qg4 Bf5 29. Qe2 Bd3 30. Qh5 Bg6 31. Qg4 {(=)} 1/2-1/2

[Event "2BLO 1920 SC Garching - SK Passau"]
[Site "?"]
[Date "2020.02.09"]
[Round "8.8"]
[White "Schleich, Markus"]
[Black "Hiermann, Dietmar"]
[Result "1/2-1/2"]
[WhiteElo "2221"]
[BlackElo "2240"]
[PlyCount "51"]
[EventDate "2020.??.??"]

1. e4 e5 2. Nf3 Nc6 3. Bc4 Bc5 4. O-O Nf6 5. d3 d6 6. c3 a6 7. a4 h6 8. Re1 O-O
9. h3 Ba7 10. Nbd2 Be6 11. Nf1 Bxc4 12. dxc4 Kh7 13. Qc2 Nh5 14. Be3 Qf6 15.
Bxa7 Rxa7 16. Ne3 Ne7 17. Ng4 Qe6 18. c5 Raa8 19. Rad1 Rfd8 20. cxd6 cxd6 21.
Rd2 Nf6 22. Nxf6+ Qxf6 23. Qb3 Rd7 24. Red1 Rad8 25. Qb4 Qe6 26. Qa5 1/2-1/2

[Event "2BLO 1920 SC Garching - SF Bad Mergenth"]
[Site "?"]
[Date "2021.08.07"]
[Round "9.1"]
[White "Ikonnikov, Vyacheslav"]
[Black "Stocek, Jiri"]
[Result "1/2-1/2"]
[WhiteElo "2500"]
[BlackElo "2604"]
[PlyCount "61"]
[EventDate "2021.??.??"]

1. d4 Nf6 2. Nf3 e6 3. c4 Bb4+ 4. Bd2 a5 5. g3 d5 6. Qc2 c5 7. cxd5 cxd4 8.
Nxd4 O-O 9. Bg2 Qb6 10. e3 exd5 11. O-O Nc6 12. Nxc6 bxc6 13. Nc3 Qa7 14. Rfc1
Rb8 15. Na4 Ba6 16. Bxb4 axb4 17. Qc5 Qxc5 18. Nxc5 Bc4 19. b3 Bb5 20. Rc2 Ra8
21. Rd1 Ra7 22. Bf1 Bxf1 23. Kxf1 Rfa8 24. Na4 Ra6 25. Rdc1 Rc8 26. Nc5 Rb6 27.
f3 Kf8 28. Na4 Ra6 29. Nc5 Rb6 30. Na4 Ra6 31. Nc5 1/2-1/2

[Event "2BLO 1920 SC Garching - SF Bad Mergenth"]
[Site "?"]
[Date "2021.08.07"]
[Round "9.2"]
[White "Loetscher, Roland"]
[Black "Kazakouski, Valery"]
[Result "0-1"]
[WhiteElo "2404"]
[BlackElo "2499"]
[PlyCount "162"]
[EventDate "2021.??.??"]

1. d4 Nf6 2. c4 e6 3. g3 d5 4. Bg2 dxc4 5. Nf3 Bd7 6. Ne5 Bc6 7. Nxc6 Nxc6 8.
Qa4 Qd7 9. e3 Nb4 10. Qxd7+ Kxd7 11. Na3 Nd3+ 12. Ke2 Bxa3 13. bxa3 Rab8 14.
Bd2 b5 15. Rab1 c6 16. Ba5 Rhc8 17. Rhd1 Ke8 18. e4 c5 19. dxc5 Rxc5 20. f4 e5
21. fxe5 Ng4 22. e6 fxe6 23. Bc3 Rc7 24. h3 Nge5 25. Ke3 a5 26. Bf1 Rf7 27. Be2
b4 28. Bxe5 Nxe5 29. Rd6 Ke7 30. Ra6 Rb5 31. Ra7+ Kf8 32. Ra8+ Ke7 33. Ra7+ Kd6
34. Rxf7 Nxf7 35. axb4 Rxb4 36. Rxb4 axb4 37. Bxc4 Ke5 38. h4 Nd6 39. Bd3 g6
40. Bb1 Nb5 41. Bc2 Nc3 42. Bb3 Nxe4 43. g4 Nf6 44. Kd3 Nd5 45. Kc4 Kf4 46. Kc5
Kxg4 47. Bxd5 exd5 48. Kxb4 Kf4 49. Kc5 Ke5 50. a4 d4 51. Kc4 Ke4 52. a5 d3 53.
a6 d2 54. a7 d1=Q 55. a8=Q+ Kf4 56. Qg2 Qg4 57. Qf2+ Qf3 58. Qg1 Qe3 59. Qg5+
Kf3 60. Qd8 Qf4+ 61. Kc3 Kg3 62. Qe7 Qxh4 63. Qe1+ Kg4 64. Qe2+ Kh3 65. Qf1+
Kh2 66. Qe2+ Kg1 67. Qd1+ Kg2 68. Qd5+ Kh2 69. Qd2+ Kh3 70. Qd7+ Kg3 71. Qd3+
Kg4 72. Qe2+ Kf5 73. Qf1+ Ke6 74. Qa6+ Kf7 75. Qb7+ Qe7 76. Qd5+ Kg7 77. Kd3 h5
78. Qd4+ Qf6 79. Qd7+ Kh6 80. Ke2 h4 81. Qg4 Qe5+ 0-1

[Event "2BLO 1920 SC Garching - SF Bad Mergenth"]
[Site "?"]
[Date "2021.08.07"]
[Round "9.3"]
[White "Gasthofer, Alexander"]
[Black "Hess, Max"]
[Result "1/2-1/2"]
[WhiteElo "2420"]
[BlackElo "2413"]
[PlyCount "44"]
[EventDate "2021.??.??"]

1. Nf3 d5 2. g3 Nf6 3. Bg2 e6 4. d4 Be7 5. O-O O-O 6. c4 dxc4 7. Qc2 a6 8. a4
Bd7 9. Rd1 Bc6 10. Nc3 Bxf3 11. Bxf3 Nc6 12. Bxc6 bxc6 13. Bg5 Ne8 14. Bxe7
Qxe7 15. Ne4 Nd6 16. Nxd6 cxd6 17. Qxc4 d5 18. Qxc6 Rfc8 19. Qb6 Rcb8 20. Qc6
Rc8 21. Qb6 Rcb8 22. Qc6 Rc8 1/2-1/2

[Event "2BLO 1920 SC Garching - SF Bad Mergenth"]
[Site "?"]
[Date "2021.08.07"]
[Round "9.4"]
[White "Renner, Christoph"]
[Black "Gasthofer, Viktor"]
[Result "1/2-1/2"]
[WhiteElo "2313"]
[BlackElo "2305"]
[PlyCount "101"]
[EventDate "2021.??.??"]

1. e4 e6 2. d3 d5 3. Nd2 Nf6 4. Ngf3 b6 5. c3 c5 6. Be2 Nc6 7. O-O Qc7 8. Re1
Be7 9. Bf1 O-O 10. a3 a5 11. a4 Rd8 12. e5 Nd7 13. Qe2 Nf8 14. Nb1 f6 15. Bf4
fxe5 16. Nxe5 Nxe5 17. Bxe5 Bd6 18. Bxd6 Qxd6 19. Nd2 Ra7 20. Nf3 Rf7 21. Ne5
Rf6 22. d4 Ng6 23. g3 Qc7 24. Ng4 Rf7 25. Qd2 Rdf8 26. f4 Ne7 27. Ne5 Rf6 28.
Bd3 Nc6 29. Rac1 Nxe5 30. Rxe5 Bd7 31. Bc2 g6 32. Qd3 Rc8 33. Rd1 cxd4 34. Qxd4
Qc5 35. Kg2 Qxd4 36. Rxd4 Rc5 37. Kf3 Rf8 38. h4 Kf7 39. h5 Kf6 40. g4 Rg8 41.
Rd2 Rc4 42. hxg6 hxg6 43. Rh2 Rxf4+ 44. Kxf4 g5+ 45. Rxg5 e5+ 46. Rxe5 Rxg4+
47. Kf3 Kxe5 48. Rh5+ Kd6 49. Rh6+ Kc7 50. Rh7 Rg1 51. Kf2 1/2-1/2

[Event "2BLO 1920 SC Garching - SF Bad Mergenth"]
[Site "?"]
[Date "2021.08.07"]
[Round "9.5"]
[White "Reinhardt, Bernd"]
[Black "Koepke, Christian"]
[Result "1/2-1/2"]
[WhiteElo "2180"]
[BlackElo "2340"]
[PlyCount "75"]
[EventDate "2021.??.??"]

1. d4 Nf6 2. Nf3 c5 3. e3 g6 4. Nbd2 Bg7 5. c3 d6 6. dxc5 dxc5 7. Bc4 Nc6 8.
O-O O-O 9. Qc2 b6 10. e4 e6 11. Re1 Bb7 12. Bf1 Qc7 13. a4 Nd7 14. Nc4 Nce5 15.
Nfxe5 Nxe5 16. h3 Bc6 17. Nxe5 Bxe5 18. Bb5 a6 19. Bxc6 Qxc6 20. Bh6 Bg7 21.
Bxg7 Kxg7 22. Red1 Rfd8 23. f3 c4 24. Rxd8 Rxd8 25. Rd1 Rd6 26. Rxd6 Qxd6 27.
Qf2 e5 28. Kh2 h5 29. h4 Kf8 30. Qe3 Ke7 31. Kg3 Kd7 32. Qh6 Qe7 33. Qh8 Qe8
34. Qf6 Qe6 35. Qh8 Qe8 36. Qf6 Qe6 37. Qh8 Qe8 38. Qf6 1/2-1/2

[Event "2BLO 1920 SC Garching - SF Bad Mergenth"]
[Site "?"]
[Date "2021.08.07"]
[Round "9.6"]
[White "Koepke, Elena"]
[Black "Pfleger, Michael"]
[Result "1-0"]
[WhiteElo "2277"]
[BlackElo "2198"]
[PlyCount "109"]
[EventDate "2021.??.??"]

1. e4 g6 2. d4 Bg7 3. c3 d5 4. exd5 Qxd5 5. Nf3 c5 6. Na3 Nf6 7. Bc4 Qe4+ 8.
Be3 O-O 9. dxc5 Bg4 10. h3 Bxf3 11. Qxf3 Qxf3 12. gxf3 Nc6 13. O-O-O e6 14. Bb3
a5 15. Ba4 Nd5 16. Nc4 Nce7 17. Nd6 Rab8 18. Bb3 Rfd8 19. Bg5 f6 20. Bd2 b6 21.
c4 bxc5 22. Ne4 a4 23. Bxa4 f5 24. cxd5 fxe4 25. Bg5 Bxb2+ 26. Kc2 Bd4 27. Bb3
Nxd5 28. Bxd8 Rxd8 29. Bxd5 exd5 30. fxe4 dxe4 31. Rhe1 Ra8 32. Kb3 Rb8+ 33.
Kc4 Rb2 34. Rxe4 Rxa2 35. f3 Kg7 36. Rb1 Ra7 37. Rb6 Rf7 38. f4 Kh6 39. Rbe6
Kh5 40. Re7 Rxe7 41. Rxe7 h6 42. Kd5 Kh4 43. Re6 Kh5 44. Ke4 Bg1 45. Rd6 Bf2
46. Kf3 Bd4 47. Kg3 g5 48. Rd5 Be3 49. f5 Bd4 50. Kf3 Bg1 51. Rd6 Bd4 52. Ke4
Bg1 53. Rd1 Bh2 54. Kd5 g4 55. hxg4+ 1-0

[Event "2BLO 1920 SC Garching - SF Bad Mergenth"]
[Site "?"]
[Date "2021.08.07"]
[Round "9.7"]
[White "Raps, Johannes"]
[Black "Seifert, Volker"]
[Result "0-1"]
[WhiteElo "2133"]
[BlackElo "2283"]
[PlyCount "82"]
[EventDate "2021.??.??"]

1. d4 e6 2. g3 d5 3. Bg2 Nf6 4. Nf3 Be7 5. O-O O-O 6. b3 Nbd7 7. Bb2 c6 8. c4
b6 9. Nc3 Ba6 10. cxd5 cxd5 11. Rc1 b5 12. Re1 Rc8 13. Ne5 Bd6 14. Nd3 b4 15.
Na4 Qa5 16. Qd2 Bb5 17. a3 Bxd3 18. exd3 Qb5 19. axb4 Qxb4 20. Qxb4 Bxb4 21.
Rxc8 Rxc8 22. Rc1 Rxc1+ 23. Bxc1 Nb8 24. Kf1 Nc6 25. Bb2 Ne8 26. Bf3 Nd6 27.
Bd1 Nb5 28. Ke2 Ncxd4+ 29. Bxd4 Nxd4+ 30. Ke3 Nf5+ 31. Ke2 e5 32. f4 f6 33.
fxe5 fxe5 34. Kf3 Kf7 35. g4 Nd4+ 36. Ke3 g5 37. Bf3 Ke6 38. Bd1 Kd6 39. Nb2
Ba3 40. Na4 Bc1+ 41. Kf2 Bd2 0-1

[Event "2BLO 1920 SC Garching - SF Bad Mergenth"]
[Site "?"]
[Date "2021.08.07"]
[Round "9.8"]
[White "Schmitz, Thorsten"]
[Black "Koslov, Philipp"]
[Result "1-0"]
[WhiteElo "2271"]
[BlackElo "1857"]
[PlyCount "51"]
[EventDate "2021.??.??"]

1. e4 c5 2. c3 g6 3. d4 cxd4 4. cxd4 d5 5. exd5 Qxd5 6. Nc3 Qa5 7. Bc4 Qb4 8.
Bb3 Bg7 9. Nf3 Nf6 10. O-O O-O 11. Re1 Bg4 12. d5 a6 13. h3 Bxf3 14. Qxf3 Nbd7
15. Bd2 Rfc8 16. Rad1 b5 17. Ne4 Qd4 18. Bc3 Qb6 19. d6 e5 20. Ng5 Rf8 21. Nxf7
e4 22. Ng5+ Kh8 23. Qe2 Nc5 24. Bd4 Rfc8 25. Ne6 Qxd6 26. Bxf6 1-0

[Event "2BLO 1920 Münchener Schachclub 1836 - S"]
[Site "?"]
[Date "2021.08.07"]
[Round "9.2"]
[White "Indjic, Aleksandar"]
[Black "Milov, Leonid"]
[Result "1-0"]
[WhiteElo "2610"]
[BlackElo "2457"]
[PlyCount "93"]
[EventDate "2021.??.??"]

1. d4 d5 2. Nf3 Nf6 3. c4 dxc4 4. e3 e6 5. Bxc4 c5 6. O-O Nc6 7. Qe2 a6 8. a4
Qc7 9. Nc3 Bd6 10. Rd1 O-O 11. d5 exd5 12. Nxd5 Nxd5 13. Bxd5 h6 14. Bd2 Bf5
15. Bc3 Rad8 16. h3 Ne7 17. Bb3 Ng6 18. Rd2 Qe7 19. Rad1 Bc7 20. a5 Rxd2 21.
Rxd2 Be4 22. Qc4 Bf5 23. Qa4 Rd8 24. Bd5 Bd6 25. Qb3 Rd7 26. Qd1 Rd8 27. Bxb7
Qxb7 28. Rxd6 Rxd6 29. Qxd6 Bxh3 30. Ne1 Bd7 31. Qxc5 Bb5 32. f3 Nf8 33. Nc2
Ne6 34. Qf5 Qd7 35. Nb4 Qd1+ 36. Kh2 Qd6+ 37. f4 Qd8 38. Kg3 Qd1 39. Qe5 h5 40.
f5 Qg4+ 41. Kf2 Nf8 42. Nd5 f6 43. Qf4 Qe2+ 44. Kg3 Nd7 45. Qf3 Nc5 46. Nf4 Qc2
47. Qd5+ 1-0

[Event "2BLO 1920 Münchener Schachclub 1836 - S"]
[Site "?"]
[Date "2021.08.07"]
[Round "9.3"]
[White "Yelisieiev, Yevhenii"]
[Black "Martinovic, Sasa"]
[Result "1/2-1/2"]
[WhiteElo "2407"]
[BlackElo "2548"]
[PlyCount "113"]
[EventDate "2021.??.??"]

1. d4 Nf6 2. Nf3 g6 3. g3 Bg7 4. Bg2 O-O 5. O-O d6 6. b3 b5 7. Qd3 c6 8. e4
Nbd7 9. Bb2 a5 10. Re1 Ba6 11. e5 dxe5 12. dxe5 Nd5 13. Nbd2 Qc7 14. Qe4 Rad8
15. a3 Nc5 16. Qh4 Bc8 17. Rad1 h6 18. Nd4 Ne6 19. Ne4 Nxd4 20. Bxd4 Bf5 21. c4
bxc4 22. bxc4 Nb6 23. Bxb6 Qxb6 24. Qxe7 Rxd1 25. Rxd1 Qb3 26. Re1 Qxc4 27. h4
Qe6 28. Nf6+ Kh8 29. Qxe6 Bxe6 30. Rc1 Rc8 31. Rc5 a4 32. Rxc6 Rxc6 33. Bxc6
Bf8 34. Bxa4 Bxa3 35. Kg2 Kg7 36. Bc6 Be7 37. Ne4 g5 38. hxg5 hxg5 39. Kf3 f6
40. exf6+ Bxf6 41. Nc5 Bf5 42. g4 Bd4 43. Nb3 Bxg4+ 44. Kxg4 Bxf2 45. Kxg5 Bb6
46. Bd5 Be3+ 47. Kf5 Kh6 48. Na5 Kg7 49. Nc4 Bd4 50. Nd6 Bb2 51. Ne4 Bc1 52.
Nc5 Bb2 53. Nd3 Bc3 54. Nf4 Bb2 55. Bc4 Bc3 56. Ne6+ Kh6 57. Ke4 1/2-1/2

[Event "2BLO 1920 Münchener Schachclub 1836 - S"]
[Site "?"]
[Date "2021.08.07"]
[Round "9.4"]
[White "Tadic, Branko"]
[Black "Mischustov, Michael"]
[Result "1-0"]
[WhiteElo "2469"]
[BlackElo "2331"]
[PlyCount "78"]
[EventDate "2021.??.??"]

1. Nf3 Nf6 2. g3 e6 3. Bg2 Be7 4. c4 O-O 5. O-O d5 6. d4 b6 7. Nc3 Bb7 8. cxd5
Nxd5 9. Qc2 Nc6 10. Rd1 Ncb4 11. Qb1 Nxc3 12. bxc3 Nd5 13. Qb3 Nf6 14. c4 Qc8
15. d5 exd5 16. cxd5 Bc5 17. Bb2 Qf5 18. Nd4 Qh5 19. e4 Rfe8 20. Re1 Bc8 21.
Rad1 Bh3 22. f3 Rad8 23. Kh1 h6 24. Qc2 Nh7 25. Bxh3 Qxh3 26. Nf5 g6 27. Qc3 f6
28. Nd4 Bd6 29. f4 Qg4 30. Nc6 Rd7 31. e5 Bf8 32. exf6 Rxe1+ 33. Rxe1 Rf7 34.
Ne7+ Kh8 35. Re6 h5 36. Qd3 Nxf6 37. Nxg6+ Kg8 38. Ne5 Qh3 39. Nxf7 Qf1+ 1-0

[Event "2BLO 1920 Münchener Schachclub 1836 - S"]
[Site "?"]
[Date "2021.08.07"]
[Round "9.5"]
[White "Kirchner, Thomas"]
[Black "Schnider, Gert"]
[Result "1/2-1/2"]
[WhiteElo "2299"]
[BlackElo "2418"]
[PlyCount "51"]
[EventDate "2021.??.??"]

1. e4 e5 2. Nf3 Nc6 3. Bc4 Bc5 4. c3 Nf6 5. d3 d6 6. Bb3 a6 7. O-O Ba7 8. Be3
O-O 9. Nbd2 h6 10. Re1 Bxe3 11. fxe3 Ne7 12. Nf1 Ng6 13. Ng3 Re8 14. Qd2 Be6
15. Bc2 c6 16. d4 Qb6 17. b3 Rad8 18. Kh1 Bc8 19. Rad1 Qa5 20. Rf1 Qc7 21. Rde1
b5 22. Qf2 Qa5 23. Qd2 Qc7 24. Qf2 Qa5 25. Qd2 Qc7 26. Qf2 1/2-1/2